Saras neet Physics/ (Record no. 172682)

MARC details
000 -LEADER
fixed length control field 00667nam a22002177a 4500
005 - DATE AND TIME OF LATEST TRANSACTION
control field 20200302121542.0
010 ## - LCCN (DPL NO)
LC control number ENG-127791
020 ## - INTERNATIONAL STANDARD BOOK NUMBER
Terms of availability 250.00
International Standard Book Number 9789386519108
035 ## - SYSTEM CONTROL NUMBER
System control number EN-111323
037 ## - SOURCE OF ACQUISITION
Source of stock number/acquisition DBAD/PUB
082 ## - DEWEY DECIMAL CLASSIFICATION NUMBER
Classification number 530
100 ## - MAIN ENTRY--PERSONAL NAME
Personal name Arumugam,N
245 ## - TITLE STATEMENT
Title Saras neet Physics/
Statement of responsibility, etc by N.Arumugam,N.Kanagaraj[and]M.G.Ragunathan
250 ## - EDITION STATEMENT
Edition statement 1st ed.
260 ## - PUBLICATION, DISTRIBUTION, ETC. (IMPRINT)
Place of publication, distribution, etc Tamil Nadu
Name of publisher, distributor, etc Saras publication
Date of publication, distribution, etc 2018
270 ## - ADDRESS
Address 114/35G,A.R.P.Camp Road,Periavilai,Kottar P.O.,Nagercoil
City Kanyakumari Dist.
Postal code 629002
300 ## - PHYSICAL DESCRIPTION
Extent xii,;various pages
Dimensions 23cm(pbk)
700 ## - ADDED ENTRY--PERSONAL NAME
Personal name N.Kanagaraj
700 ## - ADDED ENTRY--PERSONAL NAME
Personal name M.G.Ragunathan
942 ## - ADDED ENTRY ELEMENTS (KOHA)
Source of classification or shelving scheme Dewey Decimal Classification
Item type English Books
Call number suffix ARU
Classification part 530
Holdings
Withdrawn status Lost status Not for loan Collection code Home library Current library Date acquired Source of acquisition Cost, normal purchase price Full call number Barcode Copy number Cost, replacement price Koha item type
      Non-fiction Central Library Central Library 11/02/2020 DBAD/PUB 250.00 530 ARU EN-111323 1 250.00 English Books

© Delhi Public Library
Hit Counter
free hit counter